[Event "Dortmund Sparkassen op-B 51st"]
[Site "Dortmund"]
[Date "2024.08.10"]
[Round "1"]
[White "Groenebaum, Benjamin"]
[Black "Brandel, Leo"]
[Result "1/2-1/2"]
[WhiteElo "1686"]
[BlackElo "1895"]
[PlyCount "106"]
[EventDate "2024.08.10"]
[EventType "swiss"]
[EventRounds "9"]
[EventCountry "GER"]
[SourceTitle "CBM 221 Extra"]
[Source "ChessBase"]
[SourceDate "2024.09.30"]
[SourceVersion "1"]
[SourceVersionDate "2024.09.30"]
[SourceQuality "1"]

1. e4 c5 2. Nf3 d6 3. d4 cxd4 4. Nxd4 Nf6 5. Nc3 a6 6. Rg1 e5 7. Nb3 Be6 8. g4 d5 9. exd5 Nxd5 10. Nxd5 Bxd5 11. Be3 Be7 12. Qd2 Bf3 13. Bg2 Bxg2 14. Rxg2 0-0 15. 0-0-0 Qc7 16. g5 Rd8 17. Qe2 Nc6 18. Rgg1 Nb4 19. Kb1 Nd5 20. Bd2 Bb4 21. Bxb4 Nxb4 22. h4 Rac8 23. Rc1 a5 24. Qe4 Nd5 25. Rge1 Qb6 26. Red1 Qc6 27. Qxe5 a4 28. Na5 Qb5 29. c4 Qxa5 30. Rxd5 Qb6 31. Rcd1 Qg6+ 32. Ka1 Re8 33. Qc3 Qe4 34. R5d4 Qe2 35. Qd2 Qxd2 36. R1xd2 Rxc4 37. b3 Rxd4 38. Rxd4 a3 39. Kb1 Kf8 40. f3 Re3 41. Rd7 b5 42. Rd5 Rxf3 43. Rxb5 Rf1+ 44. Kc2 Rf2+ 45. Kb1 Rb2+ 46. Kc1 Rxa2 47. Ra5 Ke7 48. Ra6 Rh2 49. Rxa3 Rxh4 50. Kc2 Rg4 51. Ra5 f6 52. Ra7+ Ke6 53. Rxg7 fxg5 1/2-1/2